[Event "Africa-ch U20"]
[Site "Hammamet"]
[Date "2012.12.31"]
[Round "9"]
[White "Hichem, Abd Errahmen"]
[Black "Saim, Mohamed Ilias"]
[Result "1-0"]
[WhiteElo "2356"]
[BlackElo "1953"]
[PlyCount "58"]
[EventDate "2012.12.24"]
[EventType "swiss"]
[EventRounds "9"]
[EventCountry "TUN"]
[SourceTitle "CBM 152 Extra"]
[Source "ChessBase"]
[SourceDate "2013.02.25"]
[SourceVersion "1"]
[SourceVersionDate "2013.02.25"]
[SourceQuality "1"]

1. d4 Nf6 2. c4 g6 3. Nc3 d5 4. Nf3 Bg7 5. Qb3 dxc4 6. Qxc4 0-0 7. e4 c6 8. Be2 a5 9. 0-0 Na6 10. Rd1 Qc7 11. Qb3 b5 12. Qc2 Nb4 13. Qd2 Rd8 14. a3 Na6 15. Qc2 Be6 16. Ng5 Ng4 17. e5 Bf5 18. Qb3 Nh6 19. Be3 a4 20. Qa2 b4 21. axb4 Nxb4 22. Qc4 Rdb8 23. Rxa4 Rxa4 24. Nxa4 Nd5 25. Bc1 f6 26. Nf3 Qa7 27. Nh4 Bc8 28. Nc5 g5 29. Nf3 Nf7 1-0

[Event "Africa-ch U20"]
[Site "Hammamet"]
[Date "2012.12.29"]
[Round "7"]
[White "Meftahi, Houssem"]
[Black "Hichem, Abd Errahmen"]
[Result "1-0"]
[WhiteElo "2035"]
[BlackElo "2356"]
[PlyCount "75"]
[EventDate "2012.12.24"]
[EventType "swiss"]
[EventRounds "9"]
[EventCountry "TUN"]
[SourceTitle "CBM 152 Extra"]
[Source "ChessBase"]
[SourceDate "2013.02.25"]
[SourceVersion "1"]
[SourceVersionDate "2013.02.25"]
[SourceQuality "1"]

1. e4 c5 2. Nf3 d6 3. d4 cxd4 4. Nxd4 Nf6 5. Nc3 a6 6. Bc4 e6 7. Bb3 Nbd7 8. Bg5 Nc5 9. f4 Be7 10. Qf3 Qc7 11. 0-0-0 Bd7 12. Rhe1 Bc6 13. Bd5 h6 14. Bxf6 Bxf6 15. Nxc6 bxc6 16. e5 cxd5 17. Nxd5 Qb7 18. exf6 Kd8 19. fxg7 Rg8 20. Qc3 Nd7 21. Qa5+ Ke8 22. Nc7+ Ke7 23. Nxa8 Rxa8 24. Qd2 Qc6 25. f5 e5 26. Qxh6 Nf6 27. g4 Nxg4 28. Qh4+ Nf6 29. Rg1 Rg8 30. Qg5 d5 31. h4 Qa4 32. Kb1 Rb8 33. b3 Qf4 34. Qxf4 exf4 35. Rde1+ Kd6 36. h5 Ng8 37. Rgf1 Nf6 38. h6 1-0

[Event "Africa-ch U20"]
[Site "Hammamet"]
[Date "2012.12.28"]
[Round "5"]
[White "Ameir, Moheb"]
[Black "Hichem, Abd Errahmen"]
[Result "0-1"]
[WhiteElo "2280"]
[BlackElo "2356"]
[PlyCount "87"]
[EventDate "2012.12.24"]
[EventType "swiss"]
[EventRounds "9"]
[EventCountry "TUN"]
[SourceTitle "CBM 152 Extra"]
[Source "ChessBase"]
[SourceDate "2013.02.25"]
[SourceVersion "1"]
[SourceVersionDate "2013.02.25"]
[SourceQuality "1"]

1. e4 c5 2. Nc3 a6 3. g3 b5 4. Bg2 Bb7 5. Nge2 e5 6. d3 Nf6 7. f4 d6 8. 0-0 Be7 9. a4 Qb6 10. Nd5 Nxd5 11. exd5 c4+ 12. Kh1 Nd7 13. fxe5 dxe5 14. axb5 axb5 15. Rxa8+ Bxa8 16. dxc4 bxc4 17. Nc3 0-0 18. Qg4 Nf6 19. Qxc4 Rd8 20. Rd1 h6 21. Qe2 Bb4 22. Be3 Qa5 23. Bd2 Nxd5 24. Nxd5 Rxd5 25. c3 Bf8 26. c4 Qa6 27. Bxd5 Bxd5+ 28. Kg1 Bc5+ 29. Be3 Bxc4 30. Rd8+ Bf8 31. Qd1 Qa5 32. Kf2 e4 33. g4 Bd3 34. Rxd3 exd3 35. Qxd3 Qe5 36. Kg2 Qxb2+ 37. Kg3 Qb4 38. Bf4 Bc5 39. Qd8+ Kh7 40. Qd3+ g6 41. Qf3 Qe1+ 42. Kh3 Qe6 43. Kg2 Qa2+ 44. Kh3 0-1